[Event "GRE-ch U14"]
[Site "Porto Rio"]
[Date "2016.06.29"]
[Round "3"]
[White "Sotiropoulos, Anastasios Theohar"]
[Black "Ioannou, Ioannis Nik"]
[Result "1-0"]
[WhiteElo "1600"]
[BlackElo "1368"]
[PlyCount "105"]
[EventDate "2016.06.28"]
[EventType "swiss"]
[EventRounds "9"]
[EventCountry "GRE"]
[SourceTitle "CBM 173 Extra"]
[Source "ChessBase"]
[SourceDate "2016.08.29"]
[SourceVersion "1"]
[SourceVersionDate "2016.08.29"]
[SourceQuality "1"]

1. Nf3 Nf6 2. c4 e6 3. g3 d5 4. Bg2 b6 5. 0-0 Bb7 6. d4 Nbd7 7. Nc3 Bb4 8. cxd5 Nxd5 9. Nxd5 Bxd5 10. Qa4 Be7 11. Ne5 Bf6 12. Bxd5 exd5 13. Nc6 Qc8 14. Bf4 0-0 15. Rac1 a6 16. Qb3 Re8 17. Rc2 Nf8 18. Qxd5 Ng6 19. Bg5 Bxg5 20. Qxg5 Qe6 21. b3 Ne7 22. Nxe7+ Rxe7 23. e3 c6 24. Rfc1 h6 25. Qh5 Rc7 26. d5 Qe4 27. Rc4 Qd3 28. dxc6 Rac8 29. Qf3 b5 30. R4c3 Qd2 31. R3c2 Qd3 32. Qf4 Qd5 33. Qd4 Rd8 34. Rd1 Qxd4 35. exd4 Rd5 36. Kf1 Kf8 37. Ke2 Ke7 38. Kd3 Kd6 39. Rdc1 Rh5 40. h4 Rd5 41. Rc5 Rxc5 42. Rxc5 Rxc6 43. Rxc6+ Kxc6 44. Ke4 Kd6 45. d5 a5 46. a3 g6 47. Kd4 f6 48. g4 h5 49. gxh5 gxh5 50. f3 b4 51. axb4 axb4 52. f4 f5 53. Kc4 1-0

[Event "GRE-chT 43rd"]
[Site "Porto Rio"]
[Date "2015.10.11"]
[Round "6.6"]
[White "Hadjinicolaou, Andreas"]
[Black "Ioannou, Ioannis Nik"]
[Result "1/2-1/2"]
[WhiteElo "1396"]
[BlackElo "1359"]
[PlyCount "111"]
[EventDate "2015.10.08"]
[EventType "team-swiss"]
[EventRounds "7"]
[EventCountry "GRE"]
[SourceTitle "CBM 168 Extra"]
[Source "ChessBase"]
[SourceDate "2015.10.29"]
[SourceVersion "1"]
[SourceVersionDate "2015.10.29"]
[SourceQuality "1"]
[WhiteTeam "Korinthias Argonaftis"]
[BlackTeam "Polichnis"]
[WhiteTeamCountry "GRE"]
[BlackTeamCountry "GRE"]

1. d4 Nf6 2. c4 e6 3. Nc3 Bb4 4. e3 0-0 5. Nge2 d5 6. a3 Bxc3+ 7. Nxc3 b6 8. cxd5 exd5 9. Bd3 Re8 10. 0-0 c5 11. Re1 Bb7 12. f3 a6 13. dxc5 bxc5 14. Na4 Qd6 15. b3 Nbd7 16. Bb2 Bc6 17. Rc1 Bxa4 18. bxa4 Rab8 19. Qd2 Rb6 20. Rcd1 Qb8 21. Bxf6 Nxf6 22. Rb1 c4 23. Bc2 Rxb1 24. Rxb1 Qa7 25. Qd4 Qxd4 26. exd4 h6 27. Kf2 g6 28. Rb6 Kg7 29. Rxa6 Rb8 30. Ke2 Rb2 31. Kd2 Ra2 32. Ra5 Rxa3 33. Rc5 Ra1 34. Bd1 Ra2+ 35. Bc2 Ra1 36. Bd1 Ra3 37. Bc2 Ra2 38. Rc7 Nh5 39. g3 Ra3 40. f4 Nf6 41. Rc5 Ra1 42. a5 Ra2 43. Kc1 c3 44. Rxc3 Rxa5 45. Kb2 Rb5+ 46. Rb3 Rxb3+ 47. Bxb3 Kf8 48. Kc3 Ke7 49. Kd2 Kd6 50. Ke2 Ng8 51. Ba4 Ne7 52. g4 f6 53. h4 g5 54. hxg5 hxg5 55. fxg5 fxg5 56. Be8 1/2-1/2